Priebeh socializácie obchodných podnikov a živností v Československu

Československá cesta k socializmu po roku 1948. Povojnové udalosti v Československu. Zavedenie sovietskeho typu riadenia hospodárstva. Socializácia súkromného majetku. Zmena vlastníckych štruktúr v poľnohospodárstve. Vývoj počtu malovýrobných dielní v rokoch 1948 až 1960. Maloobchodná sieť podľa se...

Description complète

Enregistré dans:
Détails bibliographiques
Auteur principal: Horbulák, Zsolt, 1972-
Format: Chapitre de livre
Langue:slovaque
Sujets:
Tags: Ajouter un tag
Pas de tags, Soyez le premier à ajouter un tag!

MARC

LEADER 00000nla a2200000 4500
001 0236568
005 20240417075127.1
041 0 |a slo 
044 |a SK 
245 1 0 |a Priebeh socializácie obchodných podnikov a živností v Československu  |c Zsolt Horbulák 
520 |a Československá cesta k socializmu po roku 1948. Povojnové udalosti v Československu. Zavedenie sovietskeho typu riadenia hospodárstva. Socializácia súkromného majetku. Zmena vlastníckych štruktúr v poľnohospodárstve. Vývoj počtu malovýrobných dielní v rokoch 1948 až 1960. Maloobchodná sieť podľa sektorov. 
610 2 0 |a politika hospodárska 
610 2 0 |a riadenie hospodárske 
610 2 0 |a socializmus 
610 2 0 |a história 
610 2 0 |a živnosti 
610 2 0 |a poľnohospodárstvo 
610 2 0 |a priemysel 
610 2 0 |a plánovanie hospodárske 
610 2 0 |a majetok štátny 
610 2 0 |a zoštátnenie 
610 2 0 |a Československo 
100 1 |a Horbulák, Zsolt, 1972-